• 首页
  • 本馆介绍
  • 公告通知
  • 最新文献
  • 馆藏检索
  • 电子资源
  • 读者导购
  • 参考咨询
  • 我的图书馆
  • 登录
  • 详细信息显示
  • 放入我的书架
  • 预约/预借图书
  • 作者相关作品
  • 分类相关作品
  • 丛书相关作品
  • 出版社相关作品

书目信息

  • 表格格式
  • 工作单格式
  • 卡片格式
题名:
数码摄影摄像入门与实战
    
 
作者: 王晓峰 编著
分册:  
出版信息: 北京   清华大学出版社  2019.8
页数: 197页
开本: 26cm
丛书名:
单 册:
中图分类: J41 , TN948.41
科图分类:
主题词: 数字照相机--摄影艺术 , 数字控制摄影--拍摄技术
电子资源:
ISBN: 978-7-302-44761-0
000 01144nam0 2200265 45
001 012001000932
005 20130910094553.0
010    @a978-7-302-44761-0@dCNY49.00
099    @aCAL 012017001261
100    @a20170104d2016 em y0chiy0110 ea
101 0  @achi
102    @aCN@b110000
105    @aa z 000yy
106    @ar
200 1  @a数码摄影摄像入门与实战@AShu Ma She Ying She Xiang Ru Men Yu Shi Zhan@f王晓峰编著
210    @a北京@c清华大学出版社@d2019.8
215    @a197页@c彩图@d26cm
330    @a本书正是一本能够帮助各位读者快速掌握并精通各类常见题材拍摄技法的实用型图书,详细讲解了详细讲解了户外人像、儿童、体育纪实、人文纪实、舞台纪实、山峦、日出日落、湖泊、瀑布、海洋、树木、雪景、建筑、夜景、野生动物、宠物、鸟类、昆虫、花卉等20余类常见题材的数百种拍摄技法。即使是接触摄影时间不长的读者,只要认真阅读这本书,能够掌握绝大多数摄影题材的拍摄技巧,称为轻松驾驭各类摄影题材的摄影高手并非难事。
606 0  @a数字照相机@x摄影艺术
606 0  @a数字控制摄影@x拍摄技术
690    @aJ41@v5
690    @aTN948.41@v5
701  0 @a王晓峰@AWang Xiao Feng@4编著
801    @aCN@b江苏凤凰@c20211018
905    @b1341566-8@dJ41@e433@f3
    
    数码摄影摄像入门与实战/王晓峰编著.-北京:清华大学出版社,2019.8
    197页:彩图;26cm
    
    
    ISBN 978-7-302-44761-0:CNY49.00
    本书正是一本能够帮助各位读者快速掌握并精通各类常见题材拍摄技法的实用型图书,详细讲解了详细讲解了户外人像、儿童、体育纪实、人文纪实、舞台纪实、山峦、日出日落、湖泊、瀑布、海洋、树木、雪景、建筑、夜景、野生动物、宠物、鸟类、昆虫、花卉等20余类常见题材的数百种拍摄技法。即使是接触摄影时间不长的读者,只要认真阅读这本书,能够掌握绝大多数摄影题材的拍摄技巧,称为轻松驾驭各类摄影题材的摄影高手并非难事。
●
相关链接 在E读中查询图书 在五车中查询图书 在当当中查询图书 在豆瓣中查询图书


正题名:数码摄影摄像入门与实战     索取号:J41/433         预约/预借

序号 登录号 条形码 馆藏地/架位号 状态 备注
1 1341566   213415669   第一样本阅览室/ [索取号:J41/433] 在馆    
2 1341567   213415678   第一借阅区/ [索取号:J41/433] 在馆    
3 1341568   213415687   第一借阅区/ [索取号:J41/433] 在馆    
唐山师范学院图书馆 欢迎您!
大连网信软件有限公司© 版权所有